Ciudad alterna : derecho a la ciudad en San José
Shranjeno v:
| Glavni avtor: | |
|---|---|
| Drugi avtorji: | , , |
| Format: | Neznan |
| Jezik: | Spanish |
| Izdano: |
[San José, Costa Rica],
2014
|
| Teme: |
ESPACIOS PUBLICOS - SAN JOSE (COSTA RICA)
> CIUDADES Y PUEBLOS - COSTA RICA
> IMAGEN DE LA CIUDAD - SAN JOSE (COSTA RICA)
> URBANISMO - ASPECTOS SOCIALES - SAN JOSE (COSTA RICA)
> REHABILITACION URBANA - SAN JOSE (COSTA RICA)
> PARTICIPACION CIUDADANA - SAN JOSE (COSTA RICA)
> DERECHOS HUMANOS - COSTA RICA
> URBANISMO - SAN JOSE (COSTA RICA)
|
| Oznake: |
Označite
Brez oznak, prvi označite!
|
MARC
| LEADER | 00000 a2200000 4500 | ||
|---|---|---|---|
| 003 | EA0116 | ||
| 005 | 20230223100226.0 | ||
| 008 | 140114s2014 cr a 000 ||spa d | ||
| 040 | |c cru CEDI | ||
| 090 | |a TFG EA-116 | ||
| 100 | |a Fuentes Leiva, Pedro |9 20187 | ||
| 245 | |a Ciudad alterna : derecho a la ciudad en San José | ||
| 260 | |a [San José, Costa Rica], |c 2014 | ||
| 500 | |a Seminario de graduación (licenciatura en arquitectura)--Universidad de Costa Rica. Facultad de Ingeniería, Escuela de Arquitectura | ||
| 501 | |a Director de Seminario de Graduación: Lic. Manuel Morales Alpízar | ||
| 650 | |x ESPACIOS PUBLICOS - SAN JOSE (COSTA RICA) |x CIUDADES Y PUEBLOS - COSTA RICA |x IMAGEN DE LA CIUDAD - SAN JOSE (COSTA RICA) |x URBANISMO - ASPECTOS SOCIALES - SAN JOSE (COSTA RICA) |x REHABILITACION URBANA - SAN JOSE (COSTA RICA) |x PARTICIPACION CIUDADANA - SAN JOSE (COSTA RICA) |x DERECHOS HUMANOS - COSTA RICA |x URBANISMO - SAN JOSE (COSTA RICA) |9 20190 | ||
| 700 | |9 20188 |a Gutiérrez Rubino, Luis | ||
| 700 | |9 20189 |a Porras Porras, Melisa Izel | ||
| 700 | |9 74 |a Morales Alpízar, Manuel, 1977- |d Director del TFG | ||
| 942 | |c CEDI | ||
| 999 | |c 12732 |d 12732 | ||
